Srpski fudbaleri A-Ž - Statistics

General Stats
  • This quiz has been taken 173 times
  • The average score is 12 of 30
Answer Stats
Slovo Timovi Fudbaler % Correct
M Partizan, Anderlecht, Newcastle, Fulham, Al Hilal Aleksandar Mitrović
87%
T Vojvodina, Groningen, Twente, Southampton, Ajax Dušan Tadić
74%
V Crvena Zvezda, Spartak Moskva, Manchester United, Inter Nemanja Vidić
71%
K Čukarički, OFK Beograd, Lazio, Manchester City, Roma Aleksandar Kolarov
64%
S Crvena Zvezda, Lazio, Inter Dejan Stanković
64%
LJ Partizan, Fiorentina, Roma, Torino, Beskitas Adem Ljajić
62%
I OFK Beograd, Lokomotiva, Chelsea, Zenit, WBA Branislav Ivanović
59%
L Partizan, Torino, Fulham Saša Lukić
59%
Ž Crvena Zvezda, Racing, Valencia, Birmingham City Nikola Žigić
57%
Crvena Zvezda, Bastia Dragan Džajić
49%
D Partizan, Shakhtar, Sevastopol Igor Duljaj
45%
Ć OFK Beograd, Partizan, Bolton, Aston Villa Saša Ćurčić
45%
U Rad, Napredak, Partizan Slobodan {Urošević}
45%
F Hajduk Kula, Partizan, Olympiacos, Benfica Ljubomir Fejsa
43%
P Sartid, Crvena Zvezda, Hertha, Ajax, Olympiacos Marko Pantelić
41%
Z OFK Beograd, Olympiacos, Partizan, CSKA Moskva Saša Zdjelar
41%
J Crvena Zvezda, Sampdoria, Lazio, Juventus, Inter Vladimir Jugović
41%
NJ Sloboda, Crvena Zvezda, Atletico Madrid, Sevilla Zoran Njeguš
38%
Đ Rad, La Coruna, Valencia, Tenerife Miroslav Đukić
34%
O Partizan, Zaragoza, Mechelen, Anderlecht Ivan Obradović
30%
B Vojvodina, Sampdoria Vujadin Boškov
30%
R Partizan, Bor. Dortmund, Munich 1860, Valladolid, Villareal Antonio Rukavina
28%
E Perth, Basel, Bursaspor Ivan Ergić
26%
N Partizan, Betis, Oviedo Albert Nađ
24%
Š Crvena Zvezda, Karlsruher, OFK Beograd, Santa Fe Dragoslav Šekularac
22%
A Crvena Zvezda, 1. FC Saarbrücken Jovan Aćimović
18%
C Dinamo, Crvena Zvezda, Ascoli, Borislav Cvetković
17%
G Partizan, Standard Liege, Reims Milan Galić
5%
Č Partizan, Crvena Zvezda, PSV, 1. FC Nürnberg, Hannover 96 Zvezdan {Čebinac}
5%
H Vojvodina, Partizan Antun {Herceg}
3%
No matching quizzes found
Score Distribution
Percent of People with Each Score
Percentile by Number Answered
Your Score History
You have not taken this quiz